| 000 | 00864cab a2200313 4500 | ||
|---|---|---|---|
| 001 | ABS53330 | ||
| 008 | 090401t1995 xxu||||| |||| 00| 0 eng d | ||
| 035 | _a(Sirsi) u3591 | ||
| 041 | _aeng | ||
| 100 | _aField, R. | ||
| 245 | _aIndustrial crops - the future? | ||
| 260 | _c1995 | ||
| 350 | _a0 | ||
| 490 |
_aRural Practice Bulletin _vMay/June 1995, 35-38(4) |
||
| 520 | _aCovers the politics and subsidies which affect industrial crops, the type of crops grown and their market, gross margins and profitability and husbandry. | ||
| 650 | _aBORAGE | ||
| 650 | _aCAP | ||
| 650 | _aEVENING PRIMROSE | ||
| 650 | _aFLAX | ||
| 650 | _aINDUSTRIAL CROPS | ||
| 650 | _aLINSEED OIL | ||
| 650 | _aMEADOWFOAM | ||
| 650 | _aOILSEED RAPE | ||
| 650 | _aQUINOA | ||
| 650 | _aSUNFLOWERS | ||
| 690 | _aRURAL PRACTICE | ||
| 942 | _n0 | ||
| 948 | _c04/03/1997 | ||
| 999 |
_c2209 _d2209 |
||